000 00768nam a22002417a 4500
001 BR8704068
003 BR-BrBNA
005 20230928092648.0
007 ta
008 230509b bl.||||| |||| 00| 0 por d
040 _aBR-BrBNA
_bpor
_cBiblioteca Nacional de Agricultura
041 _a(Por)
072 _aF01
_b1930
090 _ 1930 BR8704068
110 1 _aInstituto de Zootecnia, Nova Odessa, SP (Brasil)
_96281
111 1 _aEncontro para Discussao sobre Capins do Genero Brachiaria
_cNova Odessa, SP (Brazil)
_d28-29 Aug 1986
245 1 _aEncontro para discussao sobre capins do genero brachiaria
260 3 _aNova Odessa, SP (Brasil):
_c1986.
300 _a256 p.
650 _aCAPIM BRACHIARIA
909 _a202309
_bLucia
_c55
_dLucia Elande
942 _cBK
999 _c40456
_d40456